|
|
|
|
| LEADER |
03009nam a2200805 4500 |
| 001 |
ocn843228804 |
| 003 |
OCoLC |
| 005 |
20170124071401.6 |
| 006 |
m o d |
| 007 |
cr ||||||||||| |
| 008 |
130514s2013 si ob 001 0 eng |
| 010 |
|
|
|a 2013019554
|
| 040 |
|
|
|a DLC
|b eng
|e rda
|e pn
|c DLC
|d YDX
|d N$T
|d IDEBK
|d DG1
|d E7B
|d YDXCP
|d RECBK
|d OCLCF
|d COO
|d CDX
|d OCLCO
|d OCLCQ
|d DEBBG
|d LOA
|d GrThAP
|
| 019 |
|
|
|a 960200115
|a 961565003
|a 962646646
|
| 020 |
|
|
|a 9781118716595
|q (Adobe PDF)
|
| 020 |
|
|
|a 1118716590
|q (Adobe PDF)
|
| 020 |
|
|
|a 9781118716632
|q (ePub)
|
| 020 |
|
|
|a 1118716639
|q (ePub)
|
| 020 |
|
|
|a 9781118716649
|q (MobiPocket)
|
| 020 |
|
|
|a 1118716647
|q (MobiPocket)
|
| 020 |
|
|
|a 9781118716571
|q (electronic bk.)
|
| 020 |
|
|
|a 1118716574
|q (electronic bk.)
|
| 020 |
|
|
|z 9781118716359
|q (cloth)
|
| 020 |
|
|
|a 1118716353 (cloth)
|
| 020 |
|
|
|a 9781118716359 (cloth)
|
| 029 |
1 |
|
|a AU@
|b 000051090699
|
| 029 |
1 |
|
|a CHBIS
|b 010441824
|
| 029 |
1 |
|
|a CHVBK
|b 334084806
|
| 029 |
1 |
|
|a DEBBG
|b BV041905821
|
| 029 |
1 |
|
|a DEBBG
|b BV042744631
|
| 029 |
1 |
|
|a DKDLA
|b 820120-katalog:000696749
|
| 029 |
1 |
|
|a NZ1
|b 15341818
|
| 029 |
1 |
|
|a DEBBG
|b BV043395889
|
| 035 |
|
|
|a (OCoLC)843228804
|z (OCoLC)960200115
|z (OCoLC)961565003
|z (OCoLC)962646646
|
| 042 |
|
|
|a pcc
|
| 043 |
|
|
|a a-cc---
|
| 050 |
0 |
0 |
|a TJ163.25.C6
|
| 072 |
|
7 |
|a BUS
|x 070040
|2 bisacsh
|
| 072 |
|
7 |
|a SCI
|x 024000
|2 bisacsh
|
| 072 |
|
7 |
|a TEC
|x 031000
|2 bisacsh
|
| 082 |
0 |
0 |
|a 333.790951
|2 23
|
| 049 |
|
|
|a MAIN
|
| 100 |
1 |
|
|a Liu, Zhenya,
|d 1964-
|
| 245 |
1 |
0 |
|a Electric power and energy in China /
|c Zhenya Liu.
|
| 264 |
|
1 |
|a Singapore :
|b John Wiley & Sons, Inc.,
|c 2013.
|
| 300 |
|
|
|a 1 online resource.
|
| 336 |
|
|
|a text
|b txt
|2 rdacontent
|
| 337 |
|
|
|a computer
|b c
|2 rdamedia
|
| 338 |
|
|
|a online resource
|b cr
|2 rdacarrier
|
| 504 |
|
|
|a Includes bibliographical references and index.
|
| 588 |
0 |
|
|a Print version record and CIP data provided by publisher.
|
| 650 |
|
0 |
|a Power resources
|z China.
|
| 650 |
|
0 |
|a Energy development
|z China.
|
| 650 |
|
0 |
|a Energy consumption
|z China.
|
| 650 |
|
0 |
|a Electrification
|z China.
|
| 650 |
|
0 |
|a Electric power
|z China.
|
| 650 |
|
7 |
|a BUSINESS & ECONOMICS
|x Industries
|x Energy.
|2 bisacsh
|
| 650 |
|
7 |
|a SCIENCE
|x Energy.
|2 bisacsh
|
| 650 |
|
7 |
|a TECHNOLOGY & ENGINEERING
|x Power Resources
|x General.
|2 bisacsh
|
| 650 |
|
7 |
|a Electric power.
|2 fast
|0 (OCoLC)fst00905358
|
| 650 |
|
7 |
|a Electrification.
|2 fast
|0 (OCoLC)fst00906330
|
| 650 |
|
7 |
|a Energy consumption.
|2 fast
|0 (OCoLC)fst00909986
|
| 650 |
|
7 |
|a Energy development.
|2 fast
|0 (OCoLC)fst00910034
|
| 650 |
|
7 |
|a Power resources.
|2 fast
|0 (OCoLC)fst01074275
|
| 651 |
|
7 |
|a China.
|2 fast
|0 (OCoLC)fst01206073
|
| 655 |
|
4 |
|a Electronic books.
|
| 655 |
|
7 |
|a Electronic books.
|2 local
|
| 776 |
0 |
8 |
|i Print version:
|a Liu, Zhenya, 1964-
|t Electric power and energy in China.
|d Singapore : John Wiley & Sons, Inc., 2013
|z 9781118716359
|w (DLC) 2013016714
|
| 856 |
4 |
0 |
|u https://doi.org/10.1002/9781118716571
|z Full Text via HEAL-Link
|
| 994 |
|
|
|a 92
|b DG1
|